| 000 | 01357cam a2200313 a 4500 | ||
|---|---|---|---|
| 001 | 13098265 | ||
| 005 | 20230223091255.0 | ||
| 008 | 001106r20011955pk b 001 0beng | ||
| 010 | _a 2003428555 | ||
| 020 | _a0196360331 | ||
| 035 | _a(OCoLC)ocm45680225 | ||
| 040 |
_aCGU _cDLC _dCGU _dOCL _dDLC |
||
| 041 | 1 |
_aeng _hara |
|
| 043 | _aa-su--- | ||
| 050 | 0 | 0 |
_aBP75 _b.I2513 2001 |
| 082 | 0 | 0 | _a297.63,GUI |
| 100 | 1 |
_aA. Guillaume _d-834. _9109491 |
|
| 240 | 1 | 0 |
_aSirat Rasul Allah. _lEnglish |
| 245 | 1 | 4 |
_aThe life of Muhammad : _ba translation of Ishaq's Sirat Rasul Allah / _cwith introduction and notes by A. Guillaume. |
| 260 |
_aKarachi ; _aNew York : _bOxford University Press, _c2001. |
||
| 300 |
_axlvii, 813 ; _c23 cm. |
||
| 505 | _aPart.I The Genealogy of Muhammad: Traditions from the Per-Islamic ERA Muhammad's Childhood and Early Manhood (Page-3), Part.II Muhammad's Call and Preaching in Mecca (Page-109), Part.III Muhammad's Migration to Medina his Wars, Triumph and Death (Page-219). | ||
| 600 | 0 | 0 |
_aMuḥammad, _cProphet, _d-632. _96565 |
| 650 | 0 |
_aMuslims _zSaudi Arabia _vBiography. _96566 |
|
| 700 | 1 |
_aIbn Isḥāq, Muḥammad, _d-approximately 768. _9109492 |
|
| 700 | 1 |
_aGuillaume, Alfred, _d1888- _9109493 |
|
| 856 | 4 | 2 |
_3Publisher description _uhttp://www.loc.gov/catdir/enhancements/fy0616/2003428555-d.html |
| 942 |
_2ddc _cBK |
||
| 999 |
_c593415 _d593415 |
||